| 000 | 01475nam1a2200313 i 4500 | ||
|---|---|---|---|
| 001 | RU\NLR\bibl\1506891 | ||
| 005 | 20260409073631.0 | ||
| 035 | _a(NLR Aleph) 001498310 | ||
| 090 |
_a1789997 _c1789997 |
||
| 100 | _a20100430g20099999k y0rusy50 ca | ||
| 101 | 0 | _arus | |
| 102 | _aRU | ||
| 105 | _a||||z ||||| | ||
| 200 | 1 |
_aИнформационные системы в экономике _eсборник научных статей _fМВД России, С.-Петерб. ун-т, Каф. спец. информ. технологий, Слушател. науч. о-во _g[вступ. ст. : Кабанов Андрей Александрович] |
|
| 210 |
_aСанкт-Петербург _cСанкт-Петербургский университет МВД России _d2009 |
||
| 215 | _d21 | ||
| 463 | 0 | _10011503096 | |
| 463 | 0 | _10011651643 | |
| 463 | 0 | _10011651642 | |
| 606 |
_aЭкономика _jСборники _xИнформационные системы _92090732 _3RU\NLR\auth\661265458 |
||
| 686 | _aУ.ф0я43 | ||
| 686 | _aУ.в612я43 | ||
| 712 | 0 | 2 |
_4570 _aСанкт-Петербургский университет МВД России _bКафедра специальных информационных технологий _9754560 _3RU\NLR\AUTH\8810128806 |
| 801 | 0 |
_aRU _bNLR _c20100430 _gRCR |
|
| 801 | 1 |
_aRU _bNLR _c20100430 |
|
| 852 |
_aNLR _j2010-4/5782 |
||
| 942 | _cBOOK | ||